Missing Word: 2007 Movies Quiz Stats

 Plays Quiz Updated Jul 12, 2012

Support Sporcle.
Go Orange.
Score 0/20 Timer 04:00
0 Plays Today
Hint Answer % Correct
No _____ for Old MenCountry
92.7%
There Will Be _______Blood
85.4%
_______ the RobinsonsMeet
84.4%
Harry Potter and the _______ of the PhoenixOrder
82.4%
______ Baby GoneGone
77.1%
________ GangsterAmerican
74.5%
3:10 to _______Yuma
73.5%
The Bourne _________Ultimatum
73.3%
I Am _________Legend
68.3%
Knocked ________Up
65.1%
Hint Answer % Correct
Death at a ________Funeral
60.7%
The _______ ListBucket
54.6%
Sweeney Todd: The ______ Barber of Fleet StreetDemon
52.5%
La _______ en rosevie
49.4%
Across the _________Universe
45.1%
August _______Rush
39.5%
The ______ RunnerKite
39.2%
Michael ________Clayton
29.2%
_______ WritersFreedom
26.3%
________ Over MeReign
24.8%

Today's Daily Dose

Missing Word
'80s Musicals

Word Ladder
Hereditary

Get the Picture
Food Names

From the Vault

North Pole Mix-Up Logic Puzzle

by PatentExaminer

Hopefully we didn't get the cardinal directions mixed up too.
Remove Ads.
Support Sporcle.
Get the best of Sporcle when you Go Orange. This ad-free experience offers more features, more stats, and more fun while also helping to support Sporcle. Thank you for becoming a member.

Show Comments

Extras

Top Quizzes Today


Score Distribution

Your Account Isn't Verified!

In order to create a playlist on Sporcle, you need to verify the email address you used during registration. Go to your Sporcle Settings to finish the process.

Report this User

Report this user for behavior that violates our Community Guidelines.

Details: